KÜÇÜK PRENSES (Record no. 729804)

MARC details
000 -LEADER
sabit uzunluktaki kontrol alanı 00246nam a2200097Ia 4500
001 - KONTROL NUMARASI
kontrol alanı 729804
005 - EN SON İŞLEMİN TARİH VE ZAMANI
kontrol alanı 20250826163702.0
008 - SABİT-UZUNLUKTA VERİ ÖĞELERİ--GENEL BİLGİ
sabit uzunluktaki kontrol alanı 250824s9999 xx 000 0 und d
245 #0 - ESER / YAZAR
ESER ADI KÜÇÜK PRENSES
Yazar Adı ANTOINE DE SAINT- EXUPERY
260 ## - YAYIN, DAĞITIM, VB.
YAYIN EVİ ATLIKARINCA
Holdings
Düşüm durumu Kayıp durumu Hasar Durumu Ödünç verilmez Ana kütüphane Geçerli Kütüphane Edinilen tarih Toplam ödünç verme sayısı Barkod Son görüntüleme tarihi Fiyatın geçerli olmaya başladığı tarih Koha materyal türü
        BORSA İSTANBUL ORTAOKULU BORSA İSTANBUL ORTAOKULU 24.08.2025   10314530 26.08.2025 26.08.2025 Books